|
|
|
|
| LEADER |
00000nam0a2200000 4500 |
| 001 |
134590 |
| 005 |
20231031135726.0 |
| 020 |
|
|
|a RU
|b 84-58563
|
| 035 |
|
|
|a (RuTPU)RU\TPU\book\145894
|
| 090 |
|
|
|a 134590
|
| 100 |
|
|
|a 20080401d1984 m y0rusy5003 ca
|
| 101 |
0 |
|
|a rus
|
| 102 |
|
|
|a RU
|
| 105 |
|
|
|a c z 000ay
|
| 200 |
1 |
|
|a Возвращение к земле
|f И. А. Васильев
|
| 210 |
|
|
|a Москва
|c Современник
|d 1984
|
| 215 |
|
|
|a 414 с.
|c 1 л. портр.
|d 21 см
|
| 225 |
1 |
|
|a Новинки "Современника"
|
| 610 |
1 |
|
|a советская литература
|
| 610 |
1 |
|
|a очерки
|
| 610 |
1 |
|
|a повести
|
| 675 |
|
|
|a Р2
|z rus
|
| 700 |
|
1 |
|a Васильев
|b И. А.
|g Иван Афанасьевич
|4 070
|
| 801 |
|
0 |
|a RU
|b RuMRKP
|c 19950704
|g psbo
|
| 801 |
|
1 |
|a RU
|b 63413507
|c 20080401
|g PSBO
|
| 801 |
|
2 |
|a RU
|b 63413507
|c 20080401
|g PSBO
|
| 942 |
|
|
|c BK
|